| 000 | 00437nam a2200181Ia 4500 | ||
|---|---|---|---|
| 001 | 19785 | ||
| 005 | 20260306172718.0 | ||
| 008 | 260306t2017||||xx |||||||||||||| ||spa|| | ||
| 041 | _aESP | ||
| 082 |
_a341.1 _bF52E |
||
| 100 |
_aFinnis, John _eAUT |
||
| 245 | 0 | _aEstudios de teoría del derecho natural | |
| 260 | _c2017 | ||
| 300 |
_alxiii, 246 páginas : _c21 cm. |
||
| 650 | _aGEN | ||
| 654 | _aCDE | ||
| 942 |
_cLIB _dJUS _fJUS _2ddc _n |
||
| 999 |
_c19785 _d19785 |
||